000 00816 a2200229 4500
001 55038
005 20260407155826.0
008 260407a2020 arg spa d
003 AR-UNSa-BCEJYS
040 _aAR-UNSa-BCEJYS
_bspa
_cAR-UNSa-BCEJYS
080 _a339.5
_xComercio exterior. Comercio Internacional
245 1 0 _aDos décadas de la OMC
_puna evaluación
020 _a978-987-03-3893-2
264 1 _aBuenos Aires :
_bLa Ley
_c2020
300 _axviii, 160 p.
_c24 cm.
505 _a1. Subvenciones y seguridad alimentaria en la OMC: a la espera de una solución permanente -
041 _aspa
942 _cBK
590 _aniveau_biblio:m niveau_hierar:0
100 1 _aCorrea, Carlos María
856 4 1 _uhttps://www.biblioeco.unsa.edu.ar/pmb/images/libros/L128545.jpg
_yImagen de portada
_qimage/jpeg
999 _c5881
_d5881